000 00568nam a22001577a 4500
005 20231129083931.0
008 231129b |||||||| |||| 00| 0 eng d
041 _aEnglish
082 _a340.07 VAN
100 _aVan der Walt, JC and Wilson, KA
_lEnglish
245 _aThe Training of Candidate Attorneys in South Africa :
_bA Report to the Association of Law Societies of South Africa /
_cJC Van der Walt and KA Wilson
260 _c1983
300 _bvii, 237 pages ;
_c22 cm.
650 _aLegal practice
_bLaw
942 _cBK
_6ALISON_BN_VRIES
999 _c1039
_d1039